<?xml version="1.0" encoding="UTF-8"?>
<collection xmlns="http://www.loc.gov/MARC21/slim">
 <record>
  <leader>     na                 </leader>
  <controlfield tag="001">INLIS000000000009465</controlfield>
  <controlfield tag="005">20221024101631</controlfield>
  <datafield tag="035" ind1=" " ind2=" ">
   <subfield code="a">0010-0520009465</subfield>
  </datafield>
  <controlfield tag="008">221024                g          0 ind  </controlfield>
  <datafield tag="020" ind1=" " ind2=" ">
   <subfield code="a">979-2007</subfield>
  </datafield>
  <datafield tag="041" ind1=" " ind2=" ">
   <subfield code="a">ind</subfield>
  </datafield>
  <datafield tag="082" ind1=" " ind2=" ">
   <subfield code="a">324.6</subfield>
  </datafield>
  <datafield tag="084" ind1=" " ind2=" ">
   <subfield code="a">324.6 DID m</subfield>
  </datafield>
  <datafield tag="100" ind1="0" ind2=" ">
   <subfield code="a">Didik Supriyanto</subfield>
  </datafield>
  <datafield tag="245" ind1="1" ind2=" ">
   <subfield code="a">Menjaga independensi penyelenggara pemilu :</subfield>
   <subfield code="b">disertai Undang-Undang Nomor 22 tahun 2007 tentan penyelenggara pemilu /</subfield>
   <subfield code="c">Didik Supriyanto</subfield>
  </datafield>
  <datafield tag="260" ind1=" " ind2=" ">
   <subfield code="a">Semarang :</subfield>
   <subfield code="b">Badan Pembinaan Hukum Nasional Kementerian Hukum dan Hak Asasi Manusia RI,</subfield>
   <subfield code="c">2007</subfield>
  </datafield>
  <datafield tag="300" ind1=" " ind2=" ">
   <subfield code="a">xvi, 88 hlm, ;21,5 cm. ;</subfield>
   <subfield code="c">21,5 cm.</subfield>
  </datafield>
  <datafield tag="520" ind1=" " ind2=" ">
   <subfield code="a">Lahirnya Undang-Undang Nomor 22 Tahun 2007 tentang Penyelenggara Pemilu (UU No. 22/2007) dimaksudkan untuk menjawab masalah-masalah yang muncul berkaitan dengan posisi dan fungsi KPU dan KPUD selaku penyelenggara Pemilu 2004 dan Pilkada 2005+. Masalah-masalah tersebut antara lain berupa rentannya KPU/KPUD atas intervensi pihak luar, kecenderungannya untuk menjadi superbody, kontrol internal tidak efektif, serta pembagian tugas staf sekretariat yang tidak jelas. Pengawas pemilu juga dinilai tidak efektif menjalankan fungsinya, sehingga gagal menyelesaikan kasus-kasus pelanggaran pemilu. Adapun tujuan pokok penyusunan Undang-Undang Penyelenggara Pemilu adalah membangun lembaga penyelenggara pemilu yang independen, kredibel, profesional dan akuntabel sehingga pemilu dapat dilaksanakan secara fair. Apakah ketentuan-ketentuan yang ada dalam UU No. 22/2007 sudah menjawab tuntas masalah-masalah yang melatarbelakangi lahirnya undang-undang tersebut? Apakah rumusan pasal dan ayat dalam undang-undang itu cukup menjanjikan akan tercapainya tujuan dibuatnya undang-undang tersebut? Buku yang ditulis anggota Panwas Pemilu 2004 dan Wakil Pemimpin Redaksi detikcom ini berusaha menjawab tuntas pertanyaan-pertanyaan tersebut.</subfield>
  </datafield>
  <datafield tag="650" ind1=" " ind2="4">
   <subfield code="a">Pemilu</subfield>
  </datafield>
  <datafield tag="650" ind1=" " ind2="4">
   <subfield code="a">DNR</subfield>
  </datafield>
  <datafield tag="990" ind1=" " ind2=" ">
   <subfield code="a">23802/MKRI-P/I-2015</subfield>
  </datafield>
  <datafield tag="990" ind1=" " ind2=" ">
   <subfield code="a">23803/MKRI-P/I-2015</subfield>
  </datafield>
  <datafield tag="990" ind1=" " ind2=" ">
   <subfield code="a">23804/MKRI-P/I-2015</subfield>
  </datafield>
  <datafield tag="990" ind1=" " ind2=" ">
   <subfield code="a">23805/MKRI-P/I-2015</subfield>
  </datafield>
  <datafield tag="990" ind1=" " ind2=" ">
   <subfield code="a">23805/MKRI-P/I-2015</subfield>
  </datafield>
  <datafield tag="990" ind1=" " ind2=" ">
   <subfield code="a">23802/MKRI-P/I-2015</subfield>
  </datafield>
  <datafield tag="990" ind1=" " ind2=" ">
   <subfield code="a">23803/MKRI-P/I-2015</subfield>
  </datafield>
  <datafield tag="990" ind1=" " ind2=" ">
   <subfield code="a">23804/MKRI-P/I-2015</subfield>
  </datafield>
  <datafield tag="990" ind1=" " ind2=" ">
   <subfield code="a">23804/MKRI-P/I-2015</subfield>
  </datafield>
  <datafield tag="990" ind1=" " ind2=" ">
   <subfield code="a">23802/MKRI-P/I-2015</subfield>
  </datafield>
  <datafield tag="990" ind1=" " ind2=" ">
   <subfield code="a">23803/MKRI-P/I-2015</subfield>
  </datafield>
  <datafield tag="990" ind1=" " ind2=" ">
   <subfield code="a">23805/MKRI-P/I-2015</subfield>
  </datafield>
  <datafield tag="990" ind1=" " ind2=" ">
   <subfield code="a">23803/MKRI-P/I-2015</subfield>
  </datafield>
  <datafield tag="990" ind1=" " ind2=" ">
   <subfield code="a">23802/MKRI-P/I-2015</subfield>
  </datafield>
  <datafield tag="990" ind1=" " ind2=" ">
   <subfield code="a">23804/MKRI-P/I-2015</subfield>
  </datafield>
  <datafield tag="990" ind1=" " ind2=" ">
   <subfield code="a">23805/MKRI-P/I-2015</subfield>
  </datafield>
  <datafield tag="990" ind1=" " ind2=" ">
   <subfield code="a">23802/MKRI-P/I-2015</subfield>
  </datafield>
  <datafield tag="990" ind1=" " ind2=" ">
   <subfield code="a">23803/MKRI-P/I-2015</subfield>
  </datafield>
  <datafield tag="990" ind1=" " ind2=" ">
   <subfield code="a">23804/MKRI-P/I-2015</subfield>
  </datafield>
  <datafield tag="990" ind1=" " ind2=" ">
   <subfield code="a">23805/MKRI-P/I-2015</subfield>
  </datafield>
 </record>
</collection>
